| 000 | 01088nam a2200229 a 4500 | ||
|---|---|---|---|
| 001 | 000028298 | ||
| 005 | 20200930031522.0 | ||
| 008 | 110407s2006 dr ac 000 0 spa d | ||
| 040 |
_aDO-SdBNP _bspa _cBNPHU |
||
| 082 |
_a021.7 _bF356n, 2006 |
||
| 111 | 2 |
_aFeria Internacional del Libro _n(9ª : _d2006: 24 abril al 7 mayo _cSanto Domingo, República Dominicana) _955290 |
|
| 245 | 1 | 0 |
_aIX Feria Internacional del Libro Santo Domingo 2006 : _bPrograma. |
| 246 | 1 | 3 | _aNovena Feria Internacional del Libro Santo Domingo, 2006 |
| 260 |
_aSanto Domingo : _bSecretaría de Estado de Cultura, _c2006 _fEditora Búho |
||
| 300 |
_a403 p. : _bil., retrs. ; _c23 cm. |
||
| 500 | _aEn homenaje a Marcio Veloz Maggiolo , país invitado de honor Argentina | ||
| 590 | _aInventariado,2019/VM | ||
| 611 | 2 | 4 |
_aFERIA INTERNACIONAL DEL LIBRO _x(9ª : _cSANTO DOMINGO, REPÚBLICA DOMINICANA) _xPROGRAMAS _955291 |
| 650 | 4 |
_aIndustria del libro _zRepública Dominicana _xProgramas _955292 |
|
| 650 | 4 |
_aFeria del libro _zRepública Dominicana _y2006 _xProgramas _955293 |
|
| 910 | _aValidado. Control de caliad. MFF | ||
| 999 |
_c27790 _d27790 |
||